01088nam a2200325 i 4500001000300000003000400003005001700007008003900024015001700063020001500080040001400095041000800109080000800117080001200125100004300137245006700180250001700247260004800264300003300312490005000345504003700395655003000432650002500462830003700487856009700524942001200621999001500633952005100648952006300699bgBPK20200408135407.0991116s1982 pl a f f |001 0 pol aPB 1982/3056 a8301042745 aWA NcBPK0 apol a517 a(075.8)1 aKołodziej, WitoldeAutord(1930-2011)10aWybrane rozdziały analizy matematycznej /cWitold Kołodziej. aWyd. 2 popr. aWarszawa :bPańst. Wydaw. Naukowe,c1982. a358, [1] s. :bil. ;c24 cm.1 aBiblioteka Matematyczna,x0519-8356 ;vt. 36. aBibliogr. s. 346-347. - Indeksy. 4aPodręczniki akademickie 4aAnaliza matematyczna 0aBiblioteka Matematyczna,vt. 36. uhttp://koha.tu.koszalin.pl/cgi-bin/koha/opac-detail.pl?biblionumber=1753yKatalog online BPK 2UKDcKS c1753d1753 00104070aBPKbBPKcwoP 30601p01966718yKS 00104070aBPKbBPKcwoP 30602p01966701s2018-04-19yKS